00724nam a2200145 a 450000100100000000500170001000800410002704000250006811001050009324501410019826000920033930000250043195201050045699900170056100003912820250607073643.0130527s1994 dr 000 0 spa d aDO-SdBNPbspacBNPHU1 aRepública Dominicana. b Secretaria de Estado de Salud Pública y Asistencia Social (2001)95654910aEvaluación del impacto de los servicios de planificación familiar en la zona fronteriza, áreas urbanas-marginales y zonas francas. aSanto Domingo :bSecretaría de Estado de Salud Pública y Asistencia Social.,c1994. a52 [12] p. ;c22 cm. 0010718PDaPDbPDcHDd2013-05-27iLF1l0o p39128-10r2020-06-25w2020-06-25yLFPDZNo se presta c38618d38618